000 00609nam a2200205 a 4500
001 BRCA_1217
005 20190320203331.0
008 290705s1994----mx-a---###---#000-0#spa-d
020 _a9686795057
041 _aspa
044 _amx
050 4 _aNA9348
_b.V53 1994
100 1 _aVidargas, Francisco E.
_94000
245 1 0 _aFrontera de lo irremediable
_bel patrimonio cultural en circunstancia
_cFrancisco Vidargas.
260 _aMéxico
_bTextos dispersos
_c1994
300 _a112 p.
_c21 cm.
650 1 4 _aMonumentos
_vPreservación
_zMéxico
_94001
650 1 4 _aMonumentos
_zMéxico
_94002
942 _2lcc
_cB
999 _c1089
_d1089